Statistics for Kamikaze Tracklist (Eminem)

Click here to take the quiz!

General Stats

  • This quiz has been taken 8 times
  • The average score is 11 of 13

Answer Stats

HintAnswer% Correct
13Venom - Music From The Motion Picture
100%
10Fall
86%
12Good Guy
(with Jessie Reyez)
86%
9Kamikaze
86%
11Nice Guy
(with Jessie Reyez)
86%
8Not Alike
(feat. Royce Da 5'9)
86%
4Paul - Skit
86%
1The Ringer
86%
6Em Calls Paul - Skit
71%
2Greatest
71%
3Lucky You
(feat. Joyna Lucas)
71%
5Normal
71%
7Stepping Stone
71%

Score Distribution

Percentile by Number Answered

Percent of People with Each Score

Your Score History

You have not taken this quiz